Catálogo

Ni éxito, ni fracaso : (Registro nro. 24637)

Detalles MARC
000 -LEADER
fixed length control field 01147cam a2200301 i 4500
001 - CONTROL NUMBER
control field 24637
003 - CONTROL NUMBER IDENTIFIER
control field Mx-PuUPA
005 - DATE AND TIME OF LATEST TRANSACTION
control field 20240819094518.0
008 - FIXED-LENGTH DATA ELEMENTS--GENERAL INFORMATION
fixed length control field 140415s2005 mx gr 000 0 spa d
020 ## - INTERNATIONAL STANDARD BOOK NUMBER
International Standard Book Number 9707223944
040 ## - CATALOGING SOURCE
Transcribing agency Mx-PuUPA
Original cataloging agency Mx-PuUPA
Language of cataloging spa
Modifying agency Mx-PuUPA
Description conventions rda
041 0# - LANGUAGE CODE
Language code of text/sound track or separate title spa
245 03 - TITLE STATEMENT
Title Ni éxito, ni fracaso :
Remainder of title ideas, recursos y actores en las políticas económicas latinoamericanas del siglo XX /
Statement of responsibility, etc. Guillermo Guajardo Soto, coordinador
250 ## - EDITION STATEMENT
Edition statement Primera edición
264 #1 - PRODUCTION, PUBLICATION, DISTRIBUTION, MANUFACTURE, AND COPYRIGHT NOTICE
Place of production, publication, distribution, manufacture México, D. F. :
Name of producer, publisher, distributor, manufacturer Universidad Nacional Autónoma de México,
Date of production, publication, distribution, manufacture, or copyright notice 2005
300 ## - PHYSICAL DESCRIPTION
Extent 277 páginas ;
Dimensions 21 cm
336 ## - CONTENT TYPE
Fuente rdacontent
Content type term texto
Content type code txt
337 ## - MEDIA TYPE
Source rdamedia
Media type term sin medio
Media type code n
338 ## - CARRIER TYPE
Source rdacarrier
Carrier type term volumen
Carrier type code nc
651 #4 - SUBJECT ADDED ENTRY--GEOGRAPHIC NAME
Geographic name América Latina
General subdivision Condiciones económicas
Chronological subdivision Siglo XX
651 #4 - SUBJECT ADDED ENTRY--GEOGRAPHIC NAME
Geographic name América Latina
General subdivision Política económica
651 #4 - SUBJECT ADDED ENTRY--GEOGRAPHIC NAME
Geographic name América Latina
General subdivision Historia económica
700 1# - ADDED ENTRY--PERSONAL NAME
Personal name Guajardo Soto, Guillermo,
Dates associated with a name coordinador
942 ## - ADDED ENTRY ELEMENTS (KOHA)
Source of classification or shelving scheme Dewey Decimal Classification
Koha item type Libro
Classification part 330.98049
Item part E963
Existencias
Withdrawn status Lost status Source of classification or shelving scheme Damaged status Not for loan Collection code Home library Current library Shelving location Date acquired Source of acquisition Total Checkouts Full call number Barcode Date last seen Price effective from Koha item type
    Dewey Decimal Classification     General Biblioteca Karol Wojtyla Biblioteca Karol Wojtyla Sala general 03/12/2013 Donación   330.98049 E963 2005 46013 05/01/2026 03/12/2013 Libro